|
|
|
|
| LEADER |
01282nam a22003134a 4500 |
| 001 |
27881 |
| 003 |
BD-DhAAL |
| 005 |
20140224154706.0 |
| 008 |
140224s2011 enka b 001 0 eng d |
| 010 |
|
|
|a 2011925712
|
| 016 |
7 |
|
|a 015799985
|2 Uk
|
| 020 |
|
|
|a 1849804958
|
| 020 |
|
|
|a 9781849804950
|
| 040 |
|
|
|a YDXCP
|c YDXCP
|d CDX
|d INU
|d BWX
|d UKMGB
|d VGM
|d DLC
|d BD-DhAAL
|
| 050 |
0 |
0 |
|a HB3717 2008-2009
|b .F565 2011
|
| 082 |
0 |
4 |
|a 330.90511
|
| 245 |
0 |
4 |
|a The financial crisis and developing countries :
|b a global multidisciplinary perspective /
|c edited by Peter A.G. van Bergeijk, Arjan de Haan and Rolph van der Hoeven.
|
| 260 |
|
|
|a Cheltenham, UK ;
|a Northampton, MA :
|b Edward Elgar,
|c c2011.
|
| 300 |
|
|
|a x, 328 p. :
|b ill. ;
|c 24 cm.
|
| 504 |
|
|
|a Includes bibliogrpahical references (p. 286-313) and index.
|
| 541 |
|
|
|e 27881
|
| 650 |
|
0 |
|a Global Financial Crisis, 2008-2009.
|9 3879
|
| 650 |
|
0 |
|a Globalization
|x Economic aspects.
|9 3880
|
| 700 |
1 |
|
|a Bergeijk, Peter A. G. van,
|d 1959-
|9 3881
|
| 700 |
1 |
|
|a Haan, Arjan de.
|9 3882
|
| 700 |
1 |
|
|a Hoeven, Rolph van der.
|9 3883
|
| 942 |
|
|
|2 ddc
|c BK
|
| 999 |
|
|
|c 14180
|d 14180
|
| 952 |
|
|
|0 0
|1 0
|2 ddc
|4 0
|6 330_905110000000000_FIN
|7 0
|9 23921
|a BRACUL
|b BRACUL
|c GEN
|d 2014-02-24
|l 1
|m 7
|o 330.90511 FIN
|p 3010027881
|r 2025-01-16
|s 2024-11-19
|t 1
|w 2014-02-24
|y BK
|